000 00709nam a22002417a 4500
999 _c344226
_d344226
001 58140
003 UA-OsUOA
005 20200419232231.0
007 ta
008 20090127b un ||||| |||| 00| 0 ukr d
020 _a532500462Х
040 _aUA-OsUOA
_bukr
_cUA-OsUOA
_dUA-OsUOA
041 _aukr
080 _a32(075.8)
090 _a32(075.8)
_bО-75
245 _aОснови політології
_bнавч. посіб.
_cкерівник авт. кол. Ф. М. Кирилюк
260 _aК.
_bЛибідь
_c1995
300 _a336 с.
650 7 _a32 Політика
_2UDC
942 _cBK
_2udc
955 _a2